| 000 | 02524nam0a2200337 4500 | ||
|---|---|---|---|
| 001 | RU\NLR\BIBL_A\022681927 | ||
| 005 | 20260330181524.0 | ||
| 010 |
_a978-5-6042657-8-9 _9500 |
||
| 021 |
_aRU _bКН-П-25-065390 _9КН-П-25-6334 |
||
| 035 | _a(NLR Aleph) 022681927 | ||
| 090 |
_a13646843 _c13646843 |
||
| 100 | _a20251208d2021 k y0rusy50 ca | ||
| 101 | 0 | _arus | |
| 102 | _aRU | ||
| 105 | _aa z 000yy | ||
| 181 | 0 |
_ai3 _baxxe |
|
| 182 | 0 | _an | |
| 200 | 1 |
_aПодготовка специалистов в условиях дуального обучения в России: от теории к практическим результатам _eмонография _fЛ. А. Мокрецова, Н. В. Григорьева, Н. А Швец _gМинистерство просвещения Российской Федерации, Федеральное государственное бюджетное образовательное учреждение высшего образования "Алтайский государственный гуманитарно-педагогический университет имени В. М. Шукшина", Министерство науки и высшего образования Российской Федерации, Филиал федерального государственного бюджетного образовательного учреждения высшего образования "Кузбасский государственный технический университет имени Т. Ф. Горбачева" в городе Прокопьевске |
|
| 203 |
_aТекст _bвизуальный _cнепосредственный |
||
| 210 |
_aПрокопьевск _cфилиал КузГТУ _d2021 |
||
| 215 |
_a204 с. _cил., табл. _d20 |
||
| 320 | _aБиблиогр.: с. 164-191 (235 назв.) | ||
| 606 | 1 |
_aДуальная система обучения _yРоссийская Федерация _92278004 _3RU\NLR\AUTH\6601593435 |
|
| 686 | 1 | _aЧ451.221 | |
| 700 | 1 |
_aМокрецова _bЛ. А. _gЛюдмила Алексеевна |
|
| 701 | 1 |
_7ca _8rus _aГригорьева _bН. В. _cканд. пед. наук, проф. образование _gНаталья Валентиновна _92698758 _3RU\NLR\AUTH\770290443 |
|
| 701 | 1 |
_aШвец _bН. А. _gНаталья Алексеевна |
|
| 942 | _cBOOK | ||
| 980 | _aNB | ||